Speed-reading in business : An action plan for success

Bibliographic Details
Main Author: Turley, Joyce
Format: Book
Published: California : Crisp Publications,Inc , 1989
Subjects:

MARC

LEADER 00000cam a2200000 7i4500
001 0000010819
002 000011792
005 20000330.0
020 |a 0931961866 
090 0 0 |a 418.4   |b TUR 
100 1 |a Turley, Joyce 
245 1 0 |a Speed-reading in business :   |b An action plan for success   |c Joyce Turley 
260 |a California :   |b Crisp Publications,Inc ,   |c 1989 
300 |a 69p. :   |b ill ;   |c 25cm. 
650 0 0 |a Interpersonal relations 
650 0 0 |a Organizational behavior 
999 |a 022632   |b BUKU   |c PINJAMAN   |e PERPUSTAKAAN KOMUNITI PETALING JAYA